Administering Medications Pharmacology for health careers
Administering Medications : Pharmacology for health careers is designed to teach the safe administration of medications to health care students entering nursing, medical assisting, and other allied health care professions. This textbook speaks directly to students encourages student to identify and...
Tallennettuna:
| Päätekijä: | |
|---|---|
| Aineistotyyppi: | Kirja |
| Kieli: | Undetermined |
| Julkaistu: |
Boston
McGraw-Hill
2009
|
| Aiheet: | |
| Tagit: |
Lisää tagi
Ei tageja, Lisää ensimmäinen tagi!
|
| Thư viện lưu trữ: | Trung tâm Học liệu Trường Đại học Cần Thơ |
|---|
| LEADER | 00966nam a2200229Ia 4500 | ||
|---|---|---|---|
| 001 | CTU_180201 | ||
| 008 | 210402s9999 xx 000 0 und d | ||
| 020 | |c 69.99 | ||
| 082 | |a 615.6 | ||
| 082 | |b G264 | ||
| 100 | |a Gauwitz, Donna F. | ||
| 245 | 0 | |a Administering Medications | |
| 245 | 0 | |b Pharmacology for health careers | |
| 245 | 0 | |c Donna F. Gauwitz | |
| 260 | |a Boston | ||
| 260 | |b McGraw-Hill | ||
| 260 | |c 2009 | ||
| 520 | |a Administering Medications : Pharmacology for health careers is designed to teach the safe administration of medications to health care students entering nursing, medical assisting, and other allied health care professions. This textbook speaks directly to students encourages student to identify and apply the concepts learned | ||
| 650 | |a Drugs,Pharmacology,Thuốc,Dược vật học | ||
| 650 | |x Administration,Quản lý | ||
| 904 | |i Kiều Trang | ||
| 980 | |a Trung tâm Học liệu Trường Đại học Cần Thơ | ||